[Event "BAN-chT Walton (Women)"]
[Site "Dhaka"]
[Date "2023.03.23"]
[Round "2"]
[White "Wadifa, Ahmed"]
[Black "Nargis, Kaumudi"]
[Result "1-0"]
[WhiteElo "1811"]
[BlackElo "1253"]
[PlyCount "37"]
[EventDate "2023.03.22"]
[EventType "team-tourn"]
[EventRounds "7"]
[EventCountry "BAN"]
[SourceTitle "CBM 213 Extra"]
[Source "ChessBase"]
[SourceDate "2023.05.31"]
[SourceVersion "1"]
[SourceVersionDate "2023.05.31"]
[SourceQuality "1"]
[WhiteTeam "Bangladesh Navy (W)"]
[BlackTeam "Basir Memorial CC (W)"]
[WhiteTeamCountry "BAN"]
[BlackTeamCountry "BAN"]

1. e4 d6 2. d4 c6 3. Nf3 Nd7 4. Bc4 e6 5. Nc3 Ngf6 6. 0-0 d5 7. exd5 cxd5 8. Bd3 Qc7 9. Nb5 Qb6 10. Bf4 Nh5 11. Nc7+ Kd8 12. Nxa8 Qc6 13. Ne5 Nxe5 14. Qxh5 Nxd3 15. cxd3 g6 16. Qf3 Bd6 17. Rac1 Qd7 18. Bxd6 Qxd6 19. Qf6+ 1-0

[Event "BAN-chT Walton (Women)"]
[Site "Dhaka"]
[Date "2023.03.22"]
[Round "1"]
[White "Nargis, Kaumudi"]
[Black "Jannatul, Ferdous"]
[Result "0-1"]
[WhiteElo "1253"]
[BlackElo "1697"]
[PlyCount "78"]
[EventDate "2023.03.22"]
[EventType "team-tourn"]
[EventRounds "7"]
[EventCountry "BAN"]
[SourceTitle "CBM 213 Extra"]
[Source "ChessBase"]
[SourceDate "2023.05.31"]
[SourceVersion "1"]
[SourceVersionDate "2023.05.31"]
[SourceQuality "1"]
[WhiteTeam "Basir Memorial CC (W)"]
[BlackTeam "Bangladesh Police (W)"]
[WhiteTeamCountry "BAN"]
[BlackTeamCountry "BAN"]

1. d4 d5 2. Nf3 Nf6 3. Nbd2 e6 4. c3 Bd6 5. Qc2 Nbd7 6. e4 dxe4 7. Nxe4 Nxe4 8. Qxe4 Nf6 9. Qc2 h6 10. Bd3 0-0 11. 0-0 b6 12. Bd2 Bb7 13. Be2 Rc8 14. Qc1 Kh7 15. Bd3+ Ne4 16. g3 f5 17. Be1 Nxc3 18. bxc3 Bxf3 19. Qe3 Bg4 20. f4 Qf6 21. Bf2 c5 22. Rfe1 Rfe8 23. Bb5 Re7 24. Rac1 g5 25. Bd3 Rg8 26. Kh1 Qg6 27. Bf1 Qh5 28. Bg2 Rg6 29. a4 Reg7 30. d5 exd5 31. Bxd5 Re7 32. Qd2 Bf3+ 33. Kg1 Reg7 34. Re6 Qh3 35. Be3 Rxe6 36. Bxe6 gxf4 37. Bxf5+ Qxf5 38. Qxd6 fxe3 39. Rf1 e2 0-1

[Event "Raipur Chhattisgarh"]
[Site "Raipur"]
[Date "2022.09.21"]
[Round "3"]
[White "Mohota, Nisha"]
[Black "Nargis, Kaumudi"]
[Result "1-0"]
[WhiteElo "2166"]
[BlackElo "1201"]
[PlyCount "29"]
[EventDate "2022.09.19"]
[EventType "swiss"]
[EventRounds "10"]
[EventCountry "IND"]
[SourceTitle "CBM 210 Extra"]
[Source "ChessBase"]
[SourceDate "2022.11.30"]
[SourceVersion "1"]
[SourceVersionDate "2022.11.30"]
[SourceQuality "1"]

1. e4 d6 2. d4 c6 3. Nc3 Nd7 4. Nf3 e5 5. Bc4 h6 6. dxe5 dxe5 7. Bxf7+ Kxf7 8. Nxe5+ Kf6 9. Qf3+ Kxe5 10. Qf7 Ndf6 11. f4+ Kd4 12. 0-0 Qe7 13. Rd1+ Kc5 14. Be3+ Kb4 15. Qb3+ 1-0

[Event "Dhaka Laila Alam Cup (Women) 12th"]
[Site "Dhaka"]
[Date "2022.05.10"]
[Round "6"]
[White "Nargis, Kaumudi"]
[Black "Neelava, Choudhury"]
[Result "0-1"]
[WhiteElo "1255"]
[BlackElo "1515"]
[PlyCount "90"]
[EventDate "2022.05.05"]
[EventType "swiss"]
[EventRounds "7"]
[EventCountry "BAN"]
[SourceTitle "CBM 208 Extra"]
[Source "ChessBase"]
[SourceDate "2022.07.31"]
[SourceVersion "1"]
[SourceVersionDate "2022.07.31"]
[SourceQuality "1"]

1. d4 d5 2. Nf3 e6 3. c3 Nf6 4. Bg5 c5 5. e3 cxd4 6. exd4 Nc6 7. Bb5 a6 8. Bxc6+ bxc6 9. 0-0 Bd6 10. Re1 0-0 11. Nbd2 c5 12. Nb3 cxd4 13. cxd4 Bb4 14. Nbd2 Bd7 15. a3 Be7 16. Rc1 Rc8 17. Rxc8 Qxc8 18. Ne5 Qb7 19. Qb1 h6 20. Bh4 Bb5 21. Ndf3 Ne4 22. Bxe7 Qxe7 23. Re3 Rc8 24. Ne1 Qf6 25. Rf3 Qg5 26. Re3 Qf4 27. N5f3 g5 28. g3 Qf6 29. g4 Qf4 30. h3 h5 31. Ng2 Qf6 32. Qe1 hxg4 33. hxg4 Kg7 34. Ne5 Rh8 35. f3 Nd6 36. b3 Rh3 37. a4 Qh6 38. Kf2 Rh2 39. axb5 Qh4+ 40. Ke2 Rxg2+ 41. Kd1 Qh2 42. Re2 Nxb5 43. Rxg2 Qxg2 44. Kc1 Nxd4 45. Qd2 Nxb3+ 0-1

[Event "Dhaka Laila Alam Cup (Women) 12th"]
[Site "Dhaka"]
[Date "2022.05.08"]
[Round "4"]
[White "Nargis, Kaumudi"]
[Black "Omnia Binta Yusuf, Lubaba"]
[Result "0-1"]
[WhiteElo "1255"]
[BlackElo "1652"]
[PlyCount "160"]
[EventDate "2022.05.05"]
[EventType "swiss"]
[EventRounds "7"]
[EventCountry "BAN"]
[SourceTitle "CBM 208 Extra"]
[Source "ChessBase"]
[SourceDate "2022.07.31"]
[SourceVersion "1"]
[SourceVersionDate "2022.07.31"]
[SourceQuality "1"]

1. d4 d5 2. Nf3 Nf6 3. c3 e6 4. Nbd2 b6 5. e3 Bb7 6. Bd3 Nbd7 7. 0-0 Be7 8. Qc2 0-0 9. Re1 c5 10. Nf1 Qc7 11. Ng5 h6 12. Nh3 e5 13. Be2 cxd4 14. exd4 exd4 15. Bf4 Qc5 16. Bd3 dxc3 17. bxc3 Rfe8 18. Rac1 Qc6 19. f3 Rac8 20. Ng3 Ba3 21. Rxe8+ Rxe8 22. Rf1 Rc8 23. Ne2 Bd6 24. Bxd6 Qxd6 25. Nd4 Qc5 26. Rc1 Ne5 27. Bf5 Re8 28. Nf2 g6 29. Bh3 Bc8 30. Bxc8 Rxc8 31. Qd2 Kg7 32. h3 Nc4 33. Qf4 Re8 34. Nd3 Qa3 35. Rc2 Re3 36. Nf2 Qd6 37. Qxd6 Nxd6 38. Ne2 Nb5 39. Nd1 Re7 40. a4 Na3 41. Ra2 Nc4 42. Kf2 a5 43. g4 h5 44. g5 Nh7 45. h4 f6 46. gxf6+ Nxf6 47. Nd4 Nd7 48. f4 Rf7 49. Ne6+ Kg8 50. Kg3 Nf6 51. Ng5 Re7 52. Rf2 Ne4+ 53. Nxe4 dxe4 54. Re2 Kf7 55. Nf2 Nd6 56. Kh3 Kf6 57. Nd1 Nc4 58. Ne3 Nxe3 59. Rxe3 Kf5 60. Kg3 Rc7 61. Kf2 Rc4 62. Rg3 Rxa4 63. Ke3 Rc4 64. Rg5+ Kf6 65. Rb5 Rxc3+ 66. Kxe4 Rc4+ 67. Kf3 Rb4 68. Rd5 Ke6 69. Re5+ Kf7 70. Rd5 a4 71. Rd1 a3 72. Ra1 Rb3+ 73. Ke2 b5 74. Kd2 b4 75. Kc2 Rf3 76. Rd1 Rxf4 77. Kb3 Rxh4 78. Rd7+ Ke6 79. Rd8 Rg4 80. Re8+ Kf7 0-1

[Event "BAN-ch (Women)"]
[Site "Dhaka"]
[Date "2022.01.06"]
[Round "9"]
[White "Nargis, Kaumudi"]
[Black "Syeda Fahmida, Malek"]
[Result "0-1"]
[WhiteElo "1237"]
[BlackElo "1569"]
[PlyCount "80"]
[EventDate "2021.12.29"]
[EventType "swiss"]
[EventRounds "11"]
[EventCountry "BAN"]
[SourceTitle "EXT 2023"]
[Source "ChessBase"]
[SourceDate "2022.10.05"]
[SourceVersion "1"]
[SourceVersionDate "2022.10.05"]
[SourceQuality "1"]

1. d4 d6 2. c4 e6 3. Nf3 Nf6 4. Nc3 g6 5. Qc2 Bg7 6. e4 Nbd7 7. Bd3 0-0 8. 0-0 b6 9. Bg5 e5 10. d5 Bb7 11. Rad1 c6 12. Be2 Qc7 13. Ne1 Rac8 14. b3 a6 15. f4 cxd5 16. exd5 Qc5+ 17. Kh1 Rfe8 18. f5 e4 19. fxg6 fxg6 20. Na4 Qc7 21. Qb1 b5 22. cxb5 axb5 23. Bxb5 Bxd5 24. Bxf6 Nxf6 25. Bxe8 Rxe8 26. Nc2 Ba8 27. Ne3 Qa7 28. Qc1 d5 29. Qc5 Qa6 30. h3 Nh5 31. Rfe1 Nf4 32. Nxd5 Bxd5 33. Rxd5 Nxd5 34. Qxd5+ Kh8 35. Rxe4 Rf8 36. Rc4 Qa7 37. Rc5 Qb8 38. Qd1 Rf2 39. Qe1 Rxa2 40. Qc1 Ra1 0-1

[Event "BAN-ch (Women) 38th"]
[Site "Dhaka"]
[Date "2018.08.10"]
[Round "3"]
[White "Barnali, Barua"]
[Black "Nargis, Kaumudi"]
[Result "1-0"]
[WhiteElo "1285"]
[BlackElo "1285"]
[PlyCount "93"]
[EventDate "2018.08.08"]
[EventType "swiss"]
[EventRounds "9"]
[EventCountry "BAN"]
[SourceTitle "EXT 2019"]
[Source "ChessBase"]
[SourceDate "2018.10.10"]
[SourceVersion "1"]
[SourceVersionDate "2018.10.10"]
[SourceQuality "1"]

1. e4 e5 2. Nf3 d6 3. h3 Nf6 4. Nc3 c5 5. Bc4 h6 6. d3 a6 7. a4 Nc6 8. Qe2 Bd7 9. Ra3 Na5 10. Bd2 Qb6 11. Ra2 Nc6 12. b3 Qd8 13. Rb2 b5 14. Bd5 b4 15. Na2 a5 16. 0-0 Nxd5 17. exd5 Nd4 18. Nxd4 cxd4 19. f4 Qf6 20. Rbb1 0-0-0 21. fxe5 Qg6 22. Rf3 Re8 23. Bf4 dxe5 24. Bh2 f5 25. Re1 f4 26. Qd2 Bd6 27. Rc1 Qf7 28. c3 dxc3 29. Nxc3 Bc5+ 30. Kh1 bxc3 31. Qxc3 Qxd5 32. Qxa5 e4 33. Rxc5+ Qxc5 34. Qxc5+ Kd8 35. dxe4 Rxe4 36. Bxf4 Re1+ 37. Kh2 g5 38. Qc7+ Ke8 39. Qb8+ Ke7 40. Qxh8 gxf4 41. Qxh6 Re6 42. Qxf4 Bc6 43. Qf7+ Kd6 44. Rf6 Bd5 45. Rxe6+ Bxe6 46. Qf4+ Kd7 47. h4 1-0

[Event "Dhaka Shamsher Ali Cup 3rd"]
[Site "Dhaka"]
[Date "2018.03.02"]
[Round "1"]
[White "Hamid, Rani"]
[Black "Nargis, Kaumudi"]
[Result "1-0"]
[WhiteElo "1958"]
[BlackElo "1301"]
[PlyCount "36"]
[EventDate "2018.03.02"]
[EventType "swiss"]
[EventRounds "7"]
[EventCountry "BAN"]
[SourceTitle "EXT 2019"]
[Source "ChessBase"]
[SourceDate "2018.10.10"]
[SourceVersion "1"]
[SourceVersionDate "2018.10.10"]
[SourceQuality "1"]

1. e4 e6 2. d4 d5 3. Nc3 Bb4 4. Nf3 Ne7 5. e5 Nbc6 6. Bd3 Nf5 7. Bxf5 exf5 8. 0-0 0-0 9. Ne2 f6 10. exf6 Qxf6 11. Bf4 Qd8 12. c3 Be7 13. Qd2 Na5 14. b3 c5 15. Qc2 Be6 16. dxc5 Bd7 17. Qc1 Qc8 18. Qe1 Bf6 1-0

[Event "Dhaka Laila Alam op 9th"]
[Site "Dhaka"]
[Date "2018.02.07"]
[Round "7"]
[White "Nargis, Kaumudi"]
[Black "Jannatul Ferdous, Ratri Lamia"]
[Result "1-0"]
[WhiteElo "1327"]
[BlackElo "1106"]
[PlyCount "157"]
[EventDate "2018.02.01"]
[EventType "swiss"]
[EventRounds "7"]
[EventCountry "BAN"]
[SourceTitle "CBM 182 Extra"]
[Source "ChessBase"]
[SourceDate "2018.02.23"]
[SourceVersion "1"]
[SourceVersionDate "2018.02.23"]
[SourceQuality "1"]

1. d4 d5 2. e3 Bf5 3. c4 dxc4 4. Bxc4 c6 5. a3 Nd7 6. Nc3 Nb6 7. Ba2 e6 8. e4 Bg6 9. Nh3 c5 10. Nf4 cxd4 11. Nb5 Bxe4 12. 0-0 g5 13. Nh3 d3 14. Bxg5 Ne7 15. Re1 Bc6 16. Nc3 Rg8 17. Qh5 h6 18. Bxe6 Rg7 19. Bxf7+ Rxf7 20. Bf4 Qd7 21. Rad1 Nbd5 22. Ne4 Kd8 23. Qxf7 Qe8 24. Qh7 Qg6 25. Qh8 Qg7 26. Qxg7 Bxg7 27. Rxd3 Kd7 28. Nc5+ Ke8 29. Bg3 Bxb2 30. Ne6 b6 31. Nc7+ Nxc7 32. Bxc7 Kf7 33. Nf4 Rc8 34. Bd8 Nf5 35. Rb1 Be4 36. Rd7+ Ke8 37. Rbd1 Bxa3 38. Bc7 Bc6 39. Rh7 Bf8 40. Re1+ Ne7 41. Bd6 Be4 42. Rh8 Kf7 43. f3 Kg7 44. Be5+ Kf7 45. fxe4 Ng6 46. Rh7+ Kg8 47. Rxa7 Nxe5 48. Nh5 Bc5+ 49. Kh1 Ng4 50. Rg7+ Kf8 51. Rxg4 Bb4 52. Rf1+ Ke7 53. Rg7+ Ke6 54. Rg6+ Ke5 55. Rxb6 Bd2 56. Rb5+ Kxe4 57. Nf6+ Ke3 58. Re5+ Kd3 59. Rd5+ Kc2 60. Ne4 Be3 61. Re1 Kb2 62. Rb5+ Ka2 63. Ra5+ Kb2 64. Rb5+ Ka2 65. Re2+ Ka1 66. Ra5+ Kb1 67. Re1+ Kb2 68. h3 Bf4 69. g3 Bc1 70. Re2+ Kb3 71. Nc5+ Kb4 72. Nb7 Rb8 73. Re4+ Kb3 74. Rb5+ Kc3 75. Re7 Bg5 76. Rc7+ Kd4 77. Rd7+ Kc4 78. Nd6+ Kd3 79. Rxb8 1-0

[Event "Dhaka Laila Alam op 9th"]
[Site "Dhaka"]
[Date "2018.02.06"]
[Round "6"]
[White "Nargis, Kaumudi"]
[Black "Israt Jahan, Nishi"]
[Result "0-1"]
[WhiteElo "1327"]
[BlackElo "1278"]
[PlyCount "76"]
[EventDate "2018.02.01"]
[EventType "swiss"]
[EventRounds "7"]
[EventCountry "BAN"]
[SourceTitle "CBM 182 Extra"]
[Source "ChessBase"]
[SourceDate "2018.02.23"]
[SourceVersion "1"]
[SourceVersionDate "2018.02.23"]
[SourceQuality "1"]

1. d4 d5 2. e3 Nf6 3. c4 e6 4. Nf3 c6 5. a3 Be7 6. Nc3 0-0 7. Qc2 Nbd7 8. e4 dxe4 9. Nxe4 h6 10. Be2 Qc7 11. g3 e5 12. 0-0 exd4 13. Bf4 Qd8 14. Nxd4 Nc5 15. Nxf6+ Bxf6 16. Nb3 Nxb3 17. Qxb3 Re8 18. Rad1 Qe7 19. Bf3 Qc5 20. Bd6 Qb6 21. Qd3 Qxb2 22. c5 Rd8 23. Qc4 Qxa3 24. Qxf7+ Kxf7 25. Be4 Qa4 26. Bf3 Bg4 27. Rd3 Be7 28. Bd1 Bxd6 29. Bxa4 Be2 30. Bb3+ Kf6 31. Rxd6+ Rxd6 32. Re1 Rd2 33. f4 a5 34. h3 h5 35. Rc1 a4 36. Bc2 a3 37. Bb3 Rb2 38. Re1 a2 0-1

[Event "Dhaka Laila Alam op 9th"]
[Site "Dhaka"]
[Date "2018.02.01"]
[Round "1"]
[White "Hamid, Rani"]
[Black "Nargis, Kaumudi"]
[Result "1-0"]
[WhiteElo "1968"]
[BlackElo "1327"]
[PlyCount "36"]
[EventDate "2018.02.01"]
[EventType "swiss"]
[EventRounds "7"]
[EventCountry "BAN"]
[SourceTitle "CBM 182 Extra"]
[Source "ChessBase"]
[SourceDate "2018.02.23"]
[SourceVersion "1"]
[SourceVersionDate "2018.02.23"]
[SourceQuality "1"]

1. e4 e5 2. Nf3 Nc6 3. Bb5 a6 4. Ba4 b5 5. Bb3 d6 6. c3 Bg4 7. h3 Bd7 8. d4 Na5 9. dxe5 Nxb3 10. axb3 Bc6 11. exd6 Bxe4 12. Qe2 f5 13. dxc7 Qxc7 14. Nbd2 Nf6 15. Nd4 Be7 16. 0-0 0-0 17. Re1 Qc6 18. Nxc6 Rad8 1-0

[Event "BAN-ch (Women) 37th"]
[Site "Dhaka"]
[Date "2017.08.27"]
[Round "8"]
[White "Nargis, Kaumudi"]
[Black "Khondoker, Sumaiya"]
[Result "0-1"]
[WhiteElo "1362"]
[BlackElo "1541"]
[PlyCount "46"]
[EventDate "2017.08.20"]
[EventType "swiss"]
[EventRounds "9"]
[EventCountry "BAN"]
[SourceTitle "CBM 180 Extra"]
[Source "ChessBase"]
[SourceDate "2017.10.06"]
[SourceVersion "1"]
[SourceVersionDate "2017.10.06"]
[SourceQuality "1"]

1. d4 d5 2. e3 Nf6 3. c4 c6 4. Nc3 e6 5. c5 Nbd7 6. Nf3 Qc7 7. Bd3 h6 8. h3 b6 9. b4 a5 10. Ba3 axb4 11. Bxb4 bxc5 12. dxc5 Nxc5 13. a3 Nxd3+ 14. Qxd3 Bxb4 15. Qd4 Bxc3+ 16. Qxc3 Ne4 17. Qb4 Qa5 18. 0-0 c5 19. Qb2 0-0 20. Ne5 Qc3 21. Qxc3 Nxc3 22. Kh1 Ne4 23. f4 Ng3+ 0-1

[Event "BAN-ch (Women) 37th"]
[Site "Dhaka"]
[Date "2017.08.26"]
[Round "7"]
[White "Sabrina, Jahan Shejoti"]
[Black "Nargis, Kaumudi"]
[Result "0-1"]
[WhiteElo "1231"]
[BlackElo "1362"]
[PlyCount "62"]
[EventDate "2017.08.20"]
[EventType "swiss"]
[EventRounds "9"]
[EventCountry "BAN"]
[SourceTitle "CBM 180 Extra"]
[Source "ChessBase"]
[SourceDate "2017.10.06"]
[SourceVersion "1"]
[SourceVersionDate "2017.10.06"]
[SourceQuality "1"]

1. e4 c5 2. Nf3 e6 3. Nc3 Nf6 4. h3 h6 5. e5 Nd5 6. Nxd5 exd5 7. c3 Qe7 8. d4 c4 9. b3 b5 10. Be2 Nc6 11. bxc4 bxc4 12. Qa4 Qe6 13. Ba3 Bxa3 14. Qxa3 Ne7 15. Qa4 0-0 16. Nd2 Bb7 17. Bg4 f5 18. Bf3 Bc6 19. Qa3 Ng6 20. Bh5 Nf4 21. Bf3 Nd3+ 22. Ke2 Qg6 23. Rhb1 Nf4+ 24. Kf1 Ne6 25. Kg1 Ng5 26. Kh1 Ne6 27. g4 fxg4 28. Bxg4 Rxf2 29. Bxe6+ Qxe6 30. Qc1 Qxh3+ 31. Kg1 Qg2# 0-1